[Event "Uni De Paula Santander op 2nd"]
[Site "Ocana"]
[Date "2016.09.25"]
[Round "7"]
[White "Acosta Morales, Juan Carlos"]
[Black "Sanchez Rivera, Diego Rolando"]
[Result "1-0"]
[WhiteElo "1809"]
[BlackElo "1538"]
[PlyCount "53"]
[EventDate "2016.09.23"]
[EventType "swiss"]
[EventRounds "7"]
[EventCountry "COL"]
[SourceTitle "EXT 2018"]
[Source "ChessBase"]
[SourceDate "2017.10.13"]
[SourceVersion "1"]
[SourceVersionDate "2017.10.13"]
[SourceQuality "1"]

1. e4 d6 2. d4 Nf6 3. Nc3 g6 4. Bg5 Bg7 5. Qd2 0-0 6. 0-0-0 Re8 7. Kb1 Nc6 8. Bb5 a6 9. Bxc6 bxc6 10. h3 Bd7 11. e5 Nd5 12. Nxd5 cxd5 13. Nf3 Qb8 14. Bh6 Qb7 15. Bxg7 Kxg7 16. Qf4 Reb8 17. b3 a5 18. Ng5 Be6 19. Qh4 Kf8 20. Qxh7 Ke8 21. Nxe6 fxe6 22. Qxg6+ Kd7 23. exd6 a4 24. dxc7 Qxc7 25. Rhe1 Ra6 26. Qd3 a3 27. Qxa6 1-0

[Event "Uni De Paula Santander op 2nd"]
[Site "Ocana"]
[Date "2016.09.24"]
[Round "5"]
[White "Obregon Peralta, Victor Marco"]
[Black "Acosta Morales, Juan Carlos"]
[Result "1-0"]
[WhiteElo "2118"]
[BlackElo "1809"]
[PlyCount "81"]
[EventDate "2016.09.23"]
[EventType "swiss"]
[EventRounds "7"]
[EventCountry "COL"]
[SourceTitle "EXT 2018"]
[Source "ChessBase"]
[SourceDate "2017.10.13"]
[SourceVersion "1"]
[SourceVersionDate "2017.10.13"]
[SourceQuality "1"]

1. d4 Nf6 2. c4 g6 3. Nc3 d5 4. e3 Bg7 5. b4 0-0 6. Qb3 dxc4 7. Bxc4 a6 8. a4 Nbd7 9. Nf3 Nb6 10. Bd3 Be6 11. Qc2 Nfd5 12. Nxd5 Nxd5 13. Bd2 Qd6 14. Rb1 Bg4 15. 0-0 Bxf3 16. gxf3 e5 17. dxe5 Qxe5 18. f4 Qh5 19. Be4 Nf6 20. Bg2 c6 21. Qc5 Rfe8 22. Qxh5 gxh5 23. Bc3 Ne4 24. Bxg7 Kxg7 25. Rfc1 Rad8 26. b5 cxb5 27. axb5 Rd2 28. Bxe4 Rxe4 29. Rc7 axb5 30. Rxb7 b4 31. R7xb4 Rxb4 32. Rxb4 Rd6 33. Rb5 Kg6 34. Rg5+ Kh6 35. Kg2 f6 36. Rg8 f5 37. Rg5 Rf6 38. Kg3 Rg6 39. Rxg6+ Kxg6 40. f3 Kh6 41. e4 1-0

[Event "South America-ch U20 11th"]
[Site "Barrancabermeja"]
[Date "2015.04.27"]
[Round "8"]
[White "Navarro, Luis Eduardo"]
[Black "Acosta Morales, Juan Carlos"]
[Result "0-1"]
[WhiteElo "1655"]
[BlackElo "1590"]
[PlyCount "84"]
[EventDate "2015.04.22"]
[EventType "swiss"]
[EventRounds "9"]
[EventCountry "COL"]
[SourceTitle "CBM 166 Extra"]
[Source "ChessBase"]
[SourceDate "2015.06.18"]
[SourceVersion "1"]
[SourceVersionDate "2015.06.18"]
[SourceQuality "1"]

1. e4 c5 2. Nf3 e6 3. d4 cxd4 4. Nxd4 a6 5. Nc3 d6 6. Bd3 Nf6 7. Bg5 Nbd7 8. Qd2 Be7 9. Nb3 b5 10. 0-0-0 Qc7 11. a3 Bb7 12. f4 Rc8 13. h3 0-0 14. g4 Nc5 15. Nxc5 dxc5 16. Rhg1 Rfe8 17. e5 Nd5 18. Nxd5 Bxd5 19. Bxe7 Rxe7 20. h4 Qb6 21. Rg3 a5 22. b4 axb4 23. axb4 Qa6 24. Qc3 cxb4 25. Qxb4 Rec7 26. Rd2 Bc4 27. h5 h6 28. Be4 Bf1 29. Qd4 Re7 30. Qd8+ Re8 31. Qd4 Qa5 32. Qb2 Red8 33. c3 Rxd2 34. Kxd2 Qd8+ 35. Kc2 Qb6 36. Kb1 Qc7 37. Qc1 Bc4 38. Qd2 Qa7 39. Qb2 Qc7 40. Kc2 Qc5 41. Kb1 Rb8 42. Kc2 Qf2+ 0-1

[Event "South America-ch U20 11th"]
[Site "Barrancabermeja"]
[Date "2015.04.26"]
[Round "7"]
[White "Acosta Morales, Juan Carlos"]
[Black "Cardenas Angarita, Juan Pablo"]
[Result "0-1"]
[WhiteElo "1590"]
[BlackElo "1659"]
[PlyCount "72"]
[EventDate "2015.04.22"]
[EventType "swiss"]
[EventRounds "9"]
[EventCountry "COL"]
[SourceTitle "CBM 166 Extra"]
[Source "ChessBase"]
[SourceDate "2015.06.18"]
[SourceVersion "1"]
[SourceVersionDate "2015.06.18"]
[SourceQuality "1"]

1. e4 c5 2. Nf3 a6 3. d4 cxd4 4. Nxd4 Nf6 5. Nc3 e5 6. Nb3 Bb4 7. Bd3 d5 8. exd5 Nxd5 9. Bd2 Nxc3 10. bxc3 Bd6 11. 0-0 0-0 12. Re1 Nc6 13. Qh5 f5 14. Be3 Qf6 15. Bc4+ Be6 16. Bg5 Qf7 17. Bxe6 Qxe6 18. Be3 f4 19. Bc5 Bxc5 20. Nxc5 Qf7 21. Qf3 Qe7 22. Nd3 Rae8 23. Re4 Qh4 24. Rae1 Rf5 25. Rxf4 Rxf4 26. Nxf4 Rf8 27. Qd5+ Kh8 28. Nh3 g5 29. Re4 g4 30. Kf1 Qh6 31. Rxg4 Rd8 32. Qe4 Qc1+ 33. Ke2 Qd1+ 34. Ke3 Rd2 35. Ng1 Qe1+ 36. Kf3 Qxf2# 0-1

[Event "South America-ch U20 11th"]
[Site "Barrancabermeja"]
[Date "2015.04.24"]
[Round "4"]
[White "Ospina, Carl Erik"]
[Black "Acosta Morales, Juan Carlos"]
[Result "0-1"]
[WhiteElo "1933"]
[BlackElo "1590"]
[PlyCount "56"]
[EventDate "2015.04.22"]
[EventType "swiss"]
[EventRounds "9"]
[EventCountry "COL"]
[SourceTitle "CBM 166 Extra"]
[Source "ChessBase"]
[SourceDate "2015.06.18"]
[SourceVersion "1"]
[SourceVersionDate "2015.06.18"]
[SourceQuality "1"]

1. e4 c5 2. Nf3 d6 3. d4 cxd4 4. Nxd4 Nf6 5. Nc3 a6 6. Bg5 e6 7. f4 Nbd7 8. Qf3 Be7 9. 0-0-0 b5 10. Bd3 Bb7 11. g4 0-0 12. Rde1 Qc7 13. Qh3 Nc5 14. a3 Nxd3+ 15. cxd3 Rfe8 16. Rhg1 Rac8 17. Qe3 d5 18. e5 Bxa3 19. Nde2 d4 20. Qf2 Bxb2+ 21. Kxb2 dxc3+ 22. Kc2 Nd5 23. Qd4 Qc5 24. Qxc5 Rxc5 25. Nd4 Nb4+ 26. Kb3 a5 27. Re3 Bd5+ 28. Ka3 Na2 0-1

[Event "South America-ch U20 11th"]
[Site "Barrancabermeja"]
[Date "2015.04.24"]
[Round "3"]
[White "Tjong Tjin, Joe Calvin"]
[Black "Acosta Morales, Juan Carlos"]
[Result "1-0"]
[WhiteElo "2042"]
[BlackElo "1590"]
[PlyCount "105"]
[EventDate "2015.04.22"]
[EventType "swiss"]
[EventRounds "9"]
[EventCountry "COL"]
[SourceTitle "CBM 166 Extra"]
[Source "ChessBase"]
[SourceDate "2015.06.18"]
[SourceVersion "1"]
[SourceVersionDate "2015.06.18"]
[SourceQuality "1"]

1. d4 d5 2. Nf3 e6 3. g3 Nf6 4. Bg2 Nbd7 5. 0-0 b6 6. c4 Bb7 7. Nbd2 Be7 8. b3 0-0 9. Bb2 c5 10. e3 Re8 11. Rc1 Rc8 12. Qe2 Ba6 13. Rfd1 Rc7 14. Qe1 Qa8 15. Ne5 Bb7 16. Nxd7 Rxd7 17. dxc5 Bxc5 18. Bxf6 gxf6 19. cxd5 Bxd5 20. Bxd5 Rxd5 21. Ne4 Kg7 22. Nxc5 bxc5 23. Rxd5 Qxd5 24. Qa5 Rc8 25. Qxa7 Ra8 26. Qxc5 Qxc5 27. Rxc5 Rxa2 28. g4 Ra7 29. b4 Rb7 30. b5 Kf8 31. Kg2 Ke7 32. h4 e5 33. Kf3 Kd6 34. Rc6+ Ke7 35. b6 h6 36. Rc7+ Rxc7 37. bxc7 Kd7 38. Ke4 Kxc7 39. Kf5 Kd7 40. Kxf6 Ke8 41. Kxe5 Ke7 42. f4 Kf8 43. Kf6 Kg8 44. g5 h5 45. e4 Kf8 46. e5 Kg8 47. f5 Kf8 48. e6 fxe6 49. fxe6 Kg8 50. e7 Kh7 51. g6+ Kh6 52. g7 Kh7 53. e8Q 1-0